| 000 | 00779nam a2200217Ia 4500 | ||
|---|---|---|---|
| 005 | 20250507130351.0 | ||
| 008 | 008 250505s9999 xx 000 0 eng d | ||
| 020 | _a9780415390422 | ||
| 037 | _aAnnuals, Advances | ||
| 040 |
_aEASL _beng _cEASL |
||
| 041 |
_aeng _2eng |
||
| 084 |
_aQ4:6815.42950j4498, P7 _qEASL |
||
| 100 |
_aCheng Wei-Yi _9665373 |
||
| 245 | 0 | _aBuddhist Nuns in Taiwan and Sri Lanka: A critique of the feminist perspective | |
| 260 |
_aUK _bLondon Routledge _c2007 |
||
| 300 | _ax,226p. | ||
| 490 | _aRoutledge Critical Studies in Buddhism | ||
| 650 |
_aBuddhist nuns -Taiwan; Buddhist nuns -Sri Lanka; Women in Buddism -Taiwan; Gen _9755276 |
||
| 942 |
_cTEXL _hQ4:6815.42950j4498, P7 |
||
| 999 |
_c1319273 _d1319273 |
||